Movies Quiz

Random Movies or Comic Books Quiz

Old Comic Book Movies Quiz Stats

 Plays Quiz not verified by Sporcle

Challenge
Share
Tweet
Score 0/37 Timer 10:00
0 Plays Today
% Correct
Superman and the Mole Men
99.3%
Batman: The Movie
98.8%
Superman
98.8%
Supergirl
93.8%
Batman
92.8%
Superman III
92.5%
Captain America
91.5%
Superman IV: The Quest for Peace
91.3%
Superman II
91%
Howard the Duck
89.8%
Teenage Mutant Ninja Turtles
89.8%
The Mask
89.5%
Men in Black
89.3%
Batman & Robin
88.8%
Batman Returns
87.8%
Teenage Mutant Ninja Turtles II: Secret of the Ooze
87.5%
Blade
87.3%
The Crow
84.8%
Teenage Mutant Ninja Turtles III
84.8%
% Correct
Judge Dredd
84.3%
Batman Forever
83.3%
The Crow: City of Angels
79.1%
Swamp Thing
78.3%
The Punisher
73.3%
Richie Rich
73.3%
Return of the Swamp Thing
72.6%
The Rocketeer
71.6%
Mystery Men
62.3%
The Phantom
62.3%
Weird Science
61.8%
Steel
59.1%
Spawn
57.9%
Barb Wire
57.1%
Tank Girl
53.4%
Timecop
35.9%
Sheena
28.7%
Virus
6.5%

You're not logged in!

Compare scores with friends on all Sporcle quizzes.
OR
Log In

You Might Also Like...

Show Comments

Extras

Top Quizzes Today


Score Distribution

Your Account Isn't Verified!

In order to create a playlist on Sporcle, you need to verify the email address you used during registration. Go to your Sporcle Settings to finish the process.

Report this User

Report this user for behavior that violates our Community Guidelines.

Details: